County & township map of the state of Illinois

Saved in:
Bibliographic Details
Main Author: Mitchell, S. Augustus 1792-1868.
Corporate Authors: David Rumsey Collection., Cartography Associates.
Format: Electronic
Language:English
Published: [1880].
Series:David Rumsey Collection digital maps
Subjects:
Tags: Add Tag
No Tags, Be the first to tag this record!
LEADER 01572nea a2200361Ka 4500
001 012024926-X
005 20090630193809.0
008 060601t18801879pau a s 0 eng d
034 1 |a a  |b 1250000  |d W0913000  |e W0873000  |f N0423000  |g N0370000 
035 0 |a ocm69669471 
040 |a CUY  |c CUY 
043 |a n-us-il 
052 |a 4100 
052 |a 4104  |b S5 
100 1 |a Mitchell, S. Augustus  |q (Samuel Augustus),  |d 1792-1868. 
245 1 0 |a County & township map of the state of Illinois  |h [electronic resource]. 
255 |a Scale [ca. 1:1,250,000]  |c (W 91⁰30ʹ--W 87⁰30ʹ/N 42⁰30ʹ--N 37⁰00ʹ). 
260 |c [1880]. 
500 |a Shows settlements, railroads, etc. 
500 |a Inset map: Vicinity of Springfield. 
500 |a Prime meridians: Greenwich and Washington. 
500 |a "Entered according to Act of Congress in the year 1879 by S. Augustus Mitchell in the office of the Librarian of Congress at Washington." 
500 |a Scanned raster image of original: 1 map : hand col. ; 53 x 34 cm. 
500 |a Original in the David Rumsey Collection; scanned by Cartography Associates. 
651 0 |a Illinois  |v Maps. 
651 0 |a Springfield Region (Ill.)  |v Maps. 
740 0 2 |a Vicinity of Springfield. 
710 2 |a David Rumsey Collection. 
710 2 |a Cartography Associates. 
773 0 |a Mitchell, S. Augustus (Samuel Augustus), 1792-1868.  |t Mitchell's new general atlas.  |d Philadelphia : S. Augustus Mitchell, 1880, c1879.  |g p. 70-71.  |w (OCoLC)69371482 
830 0 |a David Rumsey Collection digital maps  |5 net 
988 |a 20090630 
906 |0 OCLC